1998 FIFA World Cup Final Brazil - France - Statistics

General Stats
  • This quiz has been taken 1,066 times
    933 since last reset
  • The average score is 16 of 29
Answer Stats
Player % Correct
Ronaldo
98%
Zinédine Zidane ²
96%
Cafu
86%
Roberto Carlos
86%
Fabien Barthez
80%
Rivaldo
80%
Didier Deschamps
76%
Emmanuel Petit ¹
76%
Marcel Desailly
74%
Lilian Thuram
73%
Bixente Lizarazu
64%
Patrick Vieira
60%
Claudio Taffarel
59%
Dunga
55%
Youri Djorkaeff
54%
Bebeto
51%
Stéphane Guivarc'h
43%
Frank Leboeuf
40%
Christian Karembeu
39%
Christophe Dugarry
36%
Aimé Jacquet
33%
Aldair
33%
Leonardo
31%
Mário Zagallo
29%
Denilson
27%
César Sampaio
26%
Júnior Baiano
23%
Edmundo
19%
Alain Boghossian
17%
No matching quizzes found
Score Distribution
Percent of People with Each Score
Percentile by Number Answered
Your Score History
You have not taken this quiz since the last reset